000
00282nam a22001217a 4500
082
_a
823
_b
PRA/W
100
_a
PRAKASHAN, PRAKASHAN
245
_a
THE WATERMELON ROUTE
260
_a
PUNE
_b
MILIND L
520
_a
ENGLISH SHORT STORY
650
_a
ENGLISH SHORT STORY
_z
PUNE
942
_c
BK
999
_c
5463
_d
5463